[Event "TCh-FRA Top 16 GpB 2023"]
[Site "Chartres FRA"]
[Date "2023.06.06"]
[Round "6.4"]
[Board "7"]
[White "Papadiamandis, Elliot"]
[Black "Barbot, Pierre1"]
[Result "0-1"]
[WhiteTitle "IM"]
[BlackTitle "IM"]
[WhiteElo "2320"]
[BlackElo "2458"]
[WhiteTeam "Mulhouse Philidor"]
[BlackTeam "Grasse Echecs"]
[WhiteFideId "36074160"]
[BlackFideId "663727"]
[EventDate "2023.06.01"]

1. e4 e5 2. Nf3 Nc6 3. d4 exd4 4. Nxd4 Bc5 5. Nb3 Bb6 6. Nc3 Nf6 7. Qe2 a5 8. a4
O-O 9. Bg5 Nd4 10. Qd2 Nxb3 11. cxb3 h6 12. Be3 Bxe3 13. Qxe3 d5 14. O-O-O c6
15. exd5 Nxd5 16. Nxd5 cxd5 17. Kb1 Be6 18. Qd4 Rc8 19. Be2 Qd6 20. Rd2 Rc5 21.
Bd3 Rfc8 22. f4 Qc7 23. Ka2 Bd7 24. Re1 b5 25. Re3 bxa4 26. Rg3 axb3+ 27. Ka3 f6
28. Qxf6 Bg4 29. Rxg4 Rc1 30. Kxb3 Qd7 31. f5 Rb8+ 32. Ka2 Rb4 33. Qe6+ Qxe6 34.
fxe6 Rxg4 35. Re2 Ra4+ 36. Kb3 Rb4+ 37. Ka2 Ra4+ 38. Kb3 Rb4+ 39. Ka2 Rc8 40. e7
Kf7 41. e8=Q+ Rxe8 42. Bg6+ Kxg6 43. Rxe8 Re4 44. Rd8 Re2 45. Rd6+ Kf7 46. Rxd5
Rxg2 47. h3 Rg3 48. Rxa5 Rxh3 49. b4 Rd3 50. Kb2 g5 51. b5 Rd8 52. Kc3 h5 53. b6
Kf6 54. b7 Rb8 55. Rb5 h4 56. Kd3 h3 57. Rb6+ Kf5 58. Ke3 h2 59. Rh6 Rxb7 60.
Rxh2 Rb3+ 61. Kd4 Kf4 62. Rh8 g4 63. Rf8+ Kg3 64. Ke4 Kg2 65. Ra8 g3 66. Kf4 Kg1
67. Kg4 g2 68. Rf8 Rb7 69. Kg3 Rg7+ 70. Kf3 Kf1 71. Ke3+ Ke1 72. Kd4 0-1

[Event "TCh-FRA Top 16 GpB 2023"]
[Site "Chartres FRA"]
[Date "2023.06.06"]
[Round "6.4"]
[Board "8"]
[White "Loiseau, Quentin"]
[Black "Navrotescu, Andreea"]
[Result "1-0"]
[WhiteTitle "IM"]
[BlackTitle "WGM"]
[WhiteElo "2464"]
[BlackElo "2194"]
[WhiteTeam "Grasse Echecs"]
[BlackTeam "Mulhouse Philidor"]
[WhiteFideId "665274"]
[BlackFideId "675946"]
[EventDate "2023.06.01"]

1. e4 c5 2. Nf3 d6 3. d4 cxd4 4. Nxd4 Nf6 5. Nc3 Nc6 6. Bg5 e6 7. Bb5 Bd7 8. Qd3
Be7 9. O-O-O O-O 10. f4 Qb6 11. h4 Rfd8 12. Bxc6 Bxc6 13. f5 e5 14. Bxf6 Bxf6
15. Nb3 a5 16. Nd2 a4 17. Nc4 Qc5 18. Ne3 b5 19. Ncd5 Bxd5 20. Nxd5 b4 21. g4 b3
22. a3 bxc2 23. Rd2 Rdc8 24. g5 Bd8 25. Rxc2 Qf2 26. Kb1 Rxc2 27. Qxc2 Qf3 28.
Rc1 Rb8 29. Qxa4 Kf8 30. Ka1 Qf2 31. Rc2 Qxh4 32. Qd7 Qh1+ 33. Ka2 Qxe4 34.
Qxd6+ Ke8 35. Nc7+ Bxc7 36. Rxc7 1-0

[Event "TCh-FRA Top 16 GpB 2023"]
[Site "Chartres FRA"]
[Date "2023.06.07"]
[Round "7.1"]
[Board "1"]
[White "Saric, Ivan"]
[Black "Amin, Bassem"]
[Result "1/2-1/2"]
[WhiteTitle "GM"]
[BlackTitle "GM"]
[WhiteElo "2670"]
[BlackElo "2690"]
[WhiteTeam "Grasse Echecs"]
[BlackTeam "Clichy Echecs 92"]
[WhiteFideId "14508150"]
[BlackFideId "10601457"]
[EventDate "2023.06.01"]

1. d4 Nf6 2. c4 e6 3. Nf3 Bb4+ 4. Nbd2 O-O 5. a3 Be7 6. e4 d6 7. Be2 Nfd7 8. b4
e5 9. d5 a5 10. Bb2 c6 11. O-O c5 12. b5 Nb6 13. a4 f5 14. exf5 Bxf5 15. Ne1 Bg5
16. Nc2 N8d7 17. Ne3 Bxe3 18. fxe3 Qg5 19. Rf3 Bg6 20. Rg3 Qf5 21. Rf3 Qg5 22.
Rg3 Qf5 23. Rf3 1/2-1/2

[Event "TCh-FRA Top 16 GpB 2023"]
[Site "Chartres FRA"]
[Date "2023.06.07"]
[Round "7.1"]
[Board "2"]
[White "Maghsoodloo, Parham"]
[Black "Lupulescu, Constantin"]
[Result "1/2-1/2"]
[WhiteTitle "GM"]
[BlackTitle "GM"]
[WhiteElo "2716"]
[BlackElo "2573"]
[WhiteTeam "Clichy Echecs 92"]
[BlackTeam "Grasse Echecs"]
[WhiteFideId "12539929"]
[BlackFideId "1207822"]
[EventDate "2023.06.01"]

1. c4 e6 2. Nc3 d5 3. d4 Nf6 4. cxd5 exd5 5. Bg5 c6 6. e3 h6 7. Bh4 Be7 8. Bd3
O-O 9. Qc2 Re8 10. Nge2 Nbd7 11. O-O Nh5 12. Bxe7 Qxe7 13. Rab1 a5 14. Rbe1 Nb6
15. Qd2 Qg5 16. Kh1 Bf5 17. Bxf5 Qxf5 18. b3 a4 19. f3 Qg5 20. Nc1 axb3 21. axb3
Nf6 22. Qf2 Qg6 23. Qd2 Qg5 24. Nd1 Nbd7 25. Nf2 b6 26. Nh3 Qf5 27. Ne2 Qe6 28.
Ng3 c5 29. Nf4 Qc6 30. Nf5 Kh7 31. dxc5 bxc5 32. b4 Re5 33. g4 g6 34. Ng3 cxb4
35. Nd3 Ree8 36. Nxb4 Qc5 37. Nd3 Qa5 38. Qf2 Qb6 39. Nf4 1/2-1/2

[Event "TCh-FRA Top 16 GpB 2023"]
[Site "Chartres FRA"]
[Date "2023.06.07"]
[Round "7.1"]
[Board "3"]
[White "Barbot, Pierre1"]
[Black "Gharamian, Tigran"]
[Result "1/2-1/2"]
[WhiteTitle "IM"]
[BlackTitle "GM"]
[WhiteElo "2458"]
[BlackElo "2601"]
[WhiteTeam "Grasse Echecs"]
[BlackTeam "Clichy Echecs 92"]
[WhiteFideId "663727"]
[BlackFideId "13301527"]
[EventDate "2023.06.01"]

1. d4 d5 2. c4 e6 3. Nf3 Nf6 4. g3 dxc4 5. Bg2 Nbd7 6. O-O c6 7. Qc2 b5 8. b3
cxb3 9. Qxc6 b2 10. Bxb2 Rb8 11. Nbd2 Bb7 12. Qc2 Be7 13. e4 1/2-1/2

[Event "TCh-FRA Top 16 GpB 2023"]
[Site "Chartres FRA"]
[Date "2023.06.07"]
[Round "7.1"]
[Board "4"]
[White "Van Foreest, Jorden"]
[Black "Parligras, Mircea-Emilian"]
[Result "1/2-1/2"]
[WhiteTitle "GM"]
[BlackTitle "GM"]
[WhiteElo "2695"]
[BlackElo "2556"]
[WhiteTeam "Clichy Echecs 92"]
[BlackTeam "Grasse Echecs"]
[WhiteFideId "1039784"]
[BlackFideId "1204297"]
[EventDate "2023.06.01"]

1. e4 e5 2. Nf3 Nc6 3. Bc4 Bc5 4. d3 Nf6 5. Nc3 a6 6. a4 d6 7. Ne2 Be6 8. Bxe6
fxe6 9. Ng3 O-O 10. c3 a5 11. O-O Qd7 12. Be3 Bxe3 13. fxe3 Ne7 14. Qb3 Ng6 15.
Rad1 d5 16. exd5 exd5 17. e4 Kh8 18. exd5 Qxd5 19. Qxd5 Nxd5 20. Rfe1 Nb6 21. b3
Rae8 22. h4 Nd7 23. h5 Nf4 24. d4 e4 25. Nxe4 Nxh5 26. Nc5 Nxc5 27. dxc5 Nf6 28.
Ne5 Kg8 29. c6 bxc6 30. Nxc6 Ne4 31. Re3 Nc5 32. Ne7+ Kh8 33. Rd5 Nxb3 34. Rh5
g5 35. Rxg5 Nd2 36. Rg4 Rb8 37. Re2 Rb1+ 38. Kh2 Nf1+ 39. Kh3 Rd1 40. Rf2 Rdd8
41. Rxf8+ Rxf8 42. Rc4 Ne3 43. Rc5 Rf4 44. Rg5 h6 45. Re5 Nc4 46. Rxa5 Re4 47.
Rc5 Nd6 48. Rxc7 Rxa4 49. Nd5 Kg8 50. g4 Rc4 51. Rxc4 Nxc4 52. Kg3 Kf7 53. Kf4
Kg6 54. Ne7+ Kf7 55. Nc6 Kf6 56. Nb4 Nb6 57. Na2 Kg6 58. Nb4 Kf6 59. Ke4 Kg5 60.
Nd5 Na4 61. Kf3 h5 62. gxh5 Nxc3 63. Nxc3 Kxh5 64. Ke4 1/2-1/2

[Event "TCh-FRA Top 16 GpB 2023"]
[Site "Chartres FRA"]
[Date "2023.06.07"]
[Round "7.1"]
[Board "5"]
[White "Wirig, Anthony"]
[Black "Hamdouchi, Hicham"]
[Result "1-0"]
[WhiteTitle "GM"]
[BlackTitle "GM"]
[WhiteElo "2518"]
[BlackElo "2526"]
[WhiteTeam "Grasse Echecs"]
[BlackTeam "Clichy Echecs 92"]
[WhiteFideId "615013"]
[BlackFideId "9000011"]
[EventDate "2023.06.01"]

1. d4 Nf6 2. c4 d6 3. Nf3 g6 4. g3 Bg7 5. Bg2 O-O 6. Nc3 Nbd7 7. O-O e5 8. e4
exd4 9. Nxd4 Re8 10. h3 Nc5 11. Re1 Bd7 12. Rb1 a5 13. b3 Qc8 14. Kh2 Re5 15. f4
Re8 16. a3 Qd8 17. b4 axb4 18. axb4 Na4 19. Nxa4 Bxa4 20. Qd3 Nd7 21. Nf3 Bc6
22. Bb2 Bxb2 23. Rxb2 b6 24. Rbe2 Bb7 25. Nd4 h5 26. e5 Bxg2 27. e6 Nf6 28. Kxg2
Qc8 29. Nc6 Kg7 30. exf7 Rxe2+ 31. Rxe2 Qf5 32. Qxf5 gxf5 33. Re7 Rc8 34. Na7
Rf8 35. Rxc7 d5 36. Nc8 dxc4 37. Ne7 Kxf7 38. Nxf5+ Ke6 39. Ne3 Nd5 40. f5+ Rxf5
41. Rc6+ Kd7 42. Nxd5 Rxd5 43. Rxc4 b5 44. Re4 Kd6 45. Kf3 Rd3+ 46. Kf4 Kd5 47.
Re5+ Kc4 48. Rxh5 Kxb4 49. g4 Kc4 50. g5 Kd5 51. Kf5 Rf3+ 52. Kg4 Rf1 53. Rh8 b4
54. Rb8 Rb1 55. Kh5 Ke6 56. Kg6 1-0

[Event "TCh-FRA Top 16 GpB 2023"]
[Site "Chartres FRA"]
[Date "2023.06.07"]
[Round "7.1"]
[Board "6"]
[White "Delorme, Axel"]
[Black "Milliet, Sophie"]
[Result "1-0"]
[WhiteTitle "GM"]
[BlackTitle "IM"]
[WhiteElo "2483"]
[BlackElo "2384"]
[WhiteTeam "Clichy Echecs 92"]
[BlackTeam "Grasse Echecs"]
[WhiteFideId "632023"]
[BlackFideId "623725"]
[EventDate "2023.06.01"]

1. Nf3 d5 2. g3 c5 3. Bg2 Nc6 4. d4 cxd4 5. Nxd4 Nf6 6. c4 Qb6 7. Nxc6 bxc6 8.
cxd5 cxd5 9. Nc3 e6 10. O-O Be7 11. e4 O-O 12. exd5 Ba6 13. Re1 Bc5 14. Be3 Bxe3
15. Rxe3 exd5 16. Nxd5 Nxd5 17. Bxd5 Rad8 18. Qb3 Qa5 19. Rd1 Rd7 20. Re4 Rfd8
21. Qe3 g6 22. Re8+ Kg7 23. Qe5+ f6 24. Qe6 Kh6 25. Qh3+ Kg7 26. Rg8+ 1-0

[Event "TCh-FRA Top 16 GpB 2023"]
[Site "Chartres FRA"]
[Date "2023.06.07"]
[Round "7.1"]
[Board "7"]
[White "Loiseau, Quentin"]
[Black "Tregubov, Pavel V."]
[Result "1/2-1/2"]
[WhiteTitle "IM"]
[BlackTitle "GM"]
[WhiteElo "2464"]
[BlackElo "2553"]
[WhiteTeam "Grasse Echecs"]
[BlackTeam "Clichy Echecs 92"]
[WhiteFideId "665274"]
[BlackFideId "4115341"]
[EventDate "2023.06.01"]

1. d4 Nf6 2. c4 e6 3. Nf3 d5 4. Nc3 Bb4 5. Bg5 h6 6. Bxf6 Qxf6 7. Qa4+ Nc6 8. e3
O-O 9. Rc1 Rd8 10. a3 Bxc3+ 11. Rxc3 e5 12. cxd5 exd4 13. Nxd4 Nxd4 14. Qxd4
Qxd4 15. exd4 Rxd5 16. Rc4 c5 17. Rxc5 Rxd4 18. Rc7 Bd7 19. Bc4 Rb8 20. O-O Rc8
21. Rxc8+ Bxc8 22. Rc1 Bd7 23. f3 a5 24. Bb3 Kf8 25. Rd1 Rxd1+ 1/2-1/2

[Event "TCh-FRA Top 16 GpB 2023"]
[Site "Chartres FRA"]
[Date "2023.06.07"]
[Round "7.1"]
[Board "8"]
[White "Benmesbah, Natacha"]
[Black "Sochacki, Christophe"]
[Result "0-1"]
[WhiteTitle "WIM"]
[BlackTitle "GM"]
[WhiteElo "2279"]
[BlackElo "2450"]
[WhiteTeam "Clichy Echecs 92"]
[BlackTeam "Grasse Echecs"]
[WhiteFideId "642002"]
[BlackFideId "662569"]
[EventDate "2023.06.01"]

1. e4 e6 2. d4 d5 3. exd5 exd5 4. Bf4 Bd6 5. Bxd6 Qxd6 6. c3 Ne7 7. Bd3 Ng6 8.
Ne2 O-O 9. O-O Nd7 10. Nd2 Nf6 11. Nf3 Bg4 12. Bxg6 Bxf3 13. Bf5 Bg4 14. Bd3
Rae8 15. f3 Bd7 16. Qd2 Re7 17. Ng3 Rfe8 18. Rae1 g6 19. Rxe7 Rxe7 20. Re1 Ne8
21. Rxe7 Qxe7 22. Nf1 Nd6 23. Qe3 Qe6 24. Qxe6 Bxe6 25. Ne3 a5 26. a4 Kf8 27.
Kf2 Ke7 28. g4 c6 29. Kg3 b5 30. Bc2 Nc4 31. Nd1 h6 32. b3 Na3 33. Bd3 bxa4 34.
bxa4 Kd6 35. f4 c5 36. f5 gxf5 37. gxf5 Bd7 38. dxc5+ Kxc5 39. Nb2 d4 40. cxd4+
Kxd4 41. Be2 Bxf5 42. Kf4 Bc2 43. Bh5 Nc4 44. Nxc4 Kxc4 45. Bxf7+ Kc3 46. Kg4
Bxa4 47. Kh5 Bd1+ 48. Kxh6 a4 49. h4 Bb3 50. Kg7 a3 51. h5 a2 52. Bxb3 Kxb3 53.
h6 a1=Q+ 54. Kg8 Qa8+ 55. Kg7 Qb7+ 56. Kg8 Qd5+ 57. Kh8 Qe5+ 58. Kg8 Qg5+ 0-1

[Event "TCh-FRA Top 16 GpB 2023"]
[Site "Chartres FRA"]
[Date "2023.06.07"]
[Round "7.2"]
[Board "1"]
[White "Bailet, Pierre"]
[Black "Mendonca, Leon Luke"]
[Result "0-1"]
[WhiteTitle "GM"]
[BlackTitle "GM"]
[WhiteElo "2513"]
[BlackElo "2623"]
[WhiteTeam "Metz Fischer"]
[BlackTeam "Mulhouse Philidor"]
[WhiteFideId "655830"]
[BlackFideId "35028561"]
[EventDate "2023.06.01"]

1. e4 e6 2. d4 d5 3. Nd2 c5 4. exd5 Qxd5 5. dxc5 Qxc5 6. Ngf3 Nf6 7. Bd3 Be7 8.
Qe2 Nbd7 9. O-O O-O 10. Ne4 Qc7 11. Bg5 b6 12. Nxf6+ Nxf6 13. Rad1 Bb7 14. Ne5
Rad8 15. Bf4 Bd6 16. Bg3 g6 17. Ng4 Nxg4 18. Qxg4 Bxg3 19. Qxg3 Qc5 20. Qe3 Qxe3
21. fxe3 f5 22. Kf2 g5 23. Be2 Kg7 24. Bf3 Bxf3 25. Kxf3 Kf6 26. c4 h5 27. Ke2
Ke5 28. b4 h4 29. Rc1 Rf7 30. Rfd1 Rc8 31. Rd4 f4 32. Kd3 h3 33. gxh3 Rh7 34.
Re4+ Kf5 35. c5 e5 36. Rec4 Rxh3 0-1

[Event "TCh-FRA Top 16 GpB 2023"]
[Site "Chartres FRA"]
[Date "2023.06.07"]
[Round "7.2"]
[Board "2"]
[White "Nihal, Sarin"]
[Black "Visakh, N R"]
[Result "1-0"]
[WhiteTitle "GM"]
[BlackTitle "GM"]
[WhiteElo "2681"]
[BlackElo "2542"]
[WhiteTeam "Mulhouse Philidor"]
[BlackTeam "Metz Fischer"]
[WhiteFideId "25092340"]
[BlackFideId "25012223"]
[EventDate "2023.06.01"]

1. e4 c5 2. Nf3 g6 3. c3 d5 4. exd5 Qxd5 5. d4 Bg7 6. Na3 cxd4 7. Nb5 Qd8 8. Bf4
Na6 9. Nbxd4 Nf6 10. Bc4 O-O 11. O-O Nd5 12. Bg3 Nb6 13. Bxa6 bxa6 14. Qe2 Bb7
15. Rad1 Qd5 16. Qxe7 Rfe8 17. Qa3 Qh5 18. Rfe1 Rac8 19. h3 h6 20. Qb3 Qa5 21.
a3 Bd5 22. Qc2 Nc4 23. Re2 Rxe2 24. Qxe2 Bxf3 25. Nxf3 Qb5 26. Qe7 Qxb2 27. Rd7
Rf8 28. Rxa7 Qxa3 29. Qxa3 Nxa3 30. Rxa6 Nb1 31. c4 Rc8 32. Ra4 Nc3 33. Rb4 Ne2+
34. Kh2 Nxg3 35. fxg3 Kf8 36. g4 Ke7 37. Kg3 Bc3 38. Ra4 Kd6 39. Kf4 Kc5 40. Ke4
Rd8 41. Ra7 Kxc4 42. Rc7+ Kb3 43. Rxf7 Re8+ 44. Kf4 Re6 45. g5 h5 46. Rc7 Kb4
47. Rc8 Kb3 48. g4 hxg4 49. Kxg4 Rd6 50. h4 Ba1 51. Kf4 Kb4 52. Ne5 Rd4+ 53. Kg3
Rd6 54. Nc6+ Kb5 55. Ne7 Re6 56. Nd5 Rd6 57. Nf4 Ra6 58. Rg8 Be5 59. Kf3 Bxf4
60. Kxf4 Re6 61. h5 1-0

[Event "TCh-FRA Top 16 GpB 2023"]
[Site "Chartres FRA"]
[Date "2023.06.07"]
[Round "7.2"]
[Board "3"]
[White "Lazarev, Vladimir"]
[Black "Bluebaum, Matthias"]
[Result "1/2-1/2"]
[WhiteTitle "GM"]
[BlackTitle "GM"]
[WhiteElo "2496"]
[BlackElo "2672"]
[WhiteTeam "Metz Fischer"]
[BlackTeam "Mulhouse Philidor"]
[WhiteFideId "4113250"]
[BlackFideId "24651516"]
[EventDate "2023.06.01"]

1. d4 Nf6 2. c4 e6 3. Nf3 d5 4. e3 a6 5. Nbd2 c5 6. dxc5 Bxc5 7. a3 a5 8. cxd5
exd5 9. Bb5+ Nc6 10. Nb3 Bb6 11. O-O O-O 12. Bd2 Bg4 13. Rc1 Qd6 14. Be2 Rfe8
15. Bc3 Ne4 16. Nfd4 Nxc3 17. Rxc3 Bd7 18. Bg4 Ne5 19. Bxd7 Qxd7 20. Nc5 Qe7 21.
Na4 Bxd4 22. Qxd4 Rad8 23. h3 Nc6 24. Qc5 Qe4 25. Qb5 d4 26. Rc4 Qe7 27. e4 Qxe4
28. Qxb7 Rd6 29. Nc3 Qe6 30. Nb5 Nd8 31. Qc8 Qxc8 32. Rxc8 Rd7 33. Rd1 d3 34.
Nc3 Kf8 35. f3 Ne6 1/2-1/2

[Event "TCh-FRA Top 16 GpB 2023"]
[Site "Chartres FRA"]
[Date "2023.06.07"]
[Round "7.2"]
[Board "4"]
[White "Sokolov, Andrei1"]
[Black "Postny, Evgeny"]
[Result "1/2-1/2"]
[WhiteTitle "GM"]
[BlackTitle "GM"]
[WhiteElo "2464"]
[BlackElo "2549"]
[WhiteTeam "Mulhouse Philidor"]
[BlackTeam "Metz Fischer"]
[WhiteFideId "627089"]
[BlackFideId "2804344"]
[EventDate "2023.06.01"]

1. e4 e5 2. Nf3 Nc6 3. Bb5 a6 4. Ba4 Nf6 5. O-O Be7 6. Re1 b5 7. Bb3 d6 8. c3
Na5 9. Bc2 c5 10. d4 Qc7 11. Nbd2 cxd4 12. cxd4 Bg4 13. h3 Bh5 14. a4 O-O 15.
axb5 axb5 16. Bd3 b4 17. Qc2 Qb8 18. b3 Rc8 19. Qb1 Nd7 20. Bb2 Bxf3 21. Nxf3
Bf6 22. dxe5 Nxe5 23. Nxe5 Bxe5 24. Bxe5 dxe5 25. Rd1 Nc6 26. Rxa8 Qxa8 27. Bc4
Nd4 28. Qd3 Qa7 29. Kh1 Rd8 30. Bd5 Ne6 31. Qe3 Qxe3 32. fxe3 Kf8 33. Rc1 Ke7
34. Rc4 Rb8 1/2-1/2

[Event "TCh-FRA Top 16 GpB 2023"]
[Site "Chartres FRA"]
[Date "2023.06.07"]
[Round "7.2"]
[Board "5"]
[White "Ganguly, Surya Shekhar"]
[Black "Terrieux, Kevin"]
[Result "1/2-1/2"]
[WhiteTitle "GM"]
[BlackTitle "IM"]
[WhiteElo "2587"]
[BlackElo "2446"]
[WhiteTeam "Metz Fischer"]
[BlackTeam "Mulhouse Philidor"]
[WhiteFideId "5002150"]
[BlackFideId "622591"]
[EventDate "2023.06.01"]

1. c4 c5 2. Nf3 Nf6 3. Nc3 d5 4. cxd5 Nxd5 5. e3 Nxc3 6. bxc3 g6 7. d4 Bg7 8.
Bb5+ Nd7 9. O-O a6 10. Bd3 O-O 11. a4 e5 12. Ba3 Re8 13. Qc2 b6 14. Rad1 exd4
15. cxd4 Bb7 16. dxc5 Bxf3 17. gxf3 Nxc5 18. Be2 Qg5+ 19. Kh1 Rac8 20. Rc1 a5
21. Bb5 Red8 22. Rfd1 Nd3 23. Qxd3 Rxc1 24. Qxd8+ Qxd8 25. Rxc1 h5 26. Kg2 Bf8
27. Bxf8 Kxf8 28. Rc4 Qg5+ 29. Kf1 Qe5 30. Kg2 Qg5+ 31. Kf1 Qe5 32. Kg2 Qg5+ 1/2-1/2

[Event "TCh-FRA Top 16 GpB 2023"]
[Site "Chartres FRA"]
[Date "2023.06.07"]
[Round "7.2"]
[Board "6"]
[White "Rakotomaharo, Fy Antenaina"]
[Black "Taddei, Benoit"]
[Result "1-0"]
[WhiteTitle "IM"]
[BlackTitle "FM"]
[WhiteElo "2462"]
[BlackElo "2292"]
[WhiteTeam "Mulhouse Philidor"]
[BlackTeam "Metz Fischer"]
[WhiteFideId "13100050"]
[BlackFideId "610151"]
[EventDate "2023.06.01"]

1. e4 Nf6 2. e5 Nd5 3. d4 d6 4. c4 Nb6 5. f4 Bf5 6. Nc3 e6 7. Nf3 Be7 8. Be2
dxe5 9. fxe5 Nc6 10. Be3 O-O 11. O-O f6 12. exf6 Bxf6 13. Qd2 Qe8 14. Rad1 Rd8
15. Qe1 Rd7 16. Kh1 h6 17. h3 Bg6 18. Bg1 Qd8 19. c5 Nd5 20. Bb5 Ndb4 21. a3 a6
22. Ba4 Nd3 23. Qxe6+ Bf7 24. Qe2 Nf4 25. Qe4 g5 26. Ne5 Bxe5 27. dxe5 Rxd1 28.
Rxd1 Qe8 29. Re1 Be6 30. Qe3 Kg7 31. Bh2 Ng6 32. Ne4 Nh4 33. Nf6 Qg6 34. Qc3 Rd8
35. Bc2 Qf7 36. Be4 Kh8 37. Bg3 Ng6 38. Rf1 Nge7 39. Qc1 Rd4 40. h4 Rc4 41. Qe3
Ng8 42. Bd3 Rd4 43. Nxg8 Qxg8 44. Rf6 1-0

[Event "TCh-FRA Top 16 GpB 2023"]
[Site "Chartres FRA"]
[Date "2023.06.07"]
[Round "7.2"]
[Board "7"]
[White "Muller, Etienne"]
[Black "Papadiamandis, Elliot"]
[Result "0-1"]
[BlackTitle "IM"]
[WhiteElo "2186"]
[BlackElo "2320"]
[WhiteTeam "Metz Fischer"]
[BlackTeam "Mulhouse Philidor"]
[WhiteFideId "20674228"]
[BlackFideId "36074160"]
[EventDate "2023.06.01"]

1. e4 c5 2. Nf3 d6 3. d4 cxd4 4. Nxd4 Nf6 5. Nc3 a6 6. Qf3 Nbd7 7. Be3 e6 8. Qg3
Qc7 9. f4 b5 10. a3 Bb7 11. Bd3 Nc5 12. e5 dxe5 13. fxe5 Nh5 14. Qg5 g6 15.
O-O-O Be7 16. Qh6 Qxe5 17. Nf3 Bxf3 18. gxf3 O-O-O 19. Be4 Nxe4 20. fxe4 Bxa3
21. Bb6 Qxc3 22. bxa3 Qa1# 0-1

[Event "TCh-FRA Top 16 GpB 2023"]
[Site "Chartres FRA"]
[Date "2023.06.07"]
[Round "7.2"]
[Board "8"]
[White "Navrotescu, Andreea"]
[Black "Schippke, Manon"]
[Result "1-0"]
[WhiteTitle "WGM"]
[BlackTitle "WFM"]
[WhiteElo "2194"]
[BlackElo "2097"]
[WhiteTeam "Mulhouse Philidor"]
[BlackTeam "Metz Fischer"]
[WhiteFideId "675946"]
[BlackFideId "45100446"]
[EventDate "2023.06.01"]

1. d4 Nf6 2. c4 g6 3. g3 Bg7 4. Bg2 O-O 5. Nf3 d6 6. O-O Nbd7 7. Nc3 e5 8. e4
exd4 9. Nxd4 Re8 10. h3 a5 11. Be3 Nc5 12. Qc2 Bd7 13. Rad1 Qc8 14. Kh2 Re5 15.
g4 h6 16. f4 Re7 17. Rfe1 Qe8 18. e5 dxe5 19. Nf3 Na6 20. Nxe5 Bc6 21. Nxc6 Rxe3
22. Qf2 Rxe1 23. Rxe1 Qf8 24. Ne7+ Kh7 25. Bxb7 Re8 26. Qe3 Nb4 27. Re2 Nc2 28.
Rxc2 Rxe7 29. Qf3 Re1 30. Re2 Rxe2+ 31. Nxe2 Qb4 32. b3 Qa3 33. g5 hxg5 34. fxg5
Nh5 35. Qxf7 Qxa2 36. Bf3 Qxb3 37. Bxh5 gxh5 38. Qxh5+ Kg8 39. Qe8+ Kh7 40. Qe4+
Kg8 41. g6 Qb8 42. Qd5+ Kh8 43. Qxa5 c5+ 44. Kg2 Qe8 45. Nf4 Qe4+ 46. Kg3 Qe3+
47. Kg4 Qg1+ 48. Kh5 Qd1+ 49. Kh4 Bf6+ 50. Kg3 Qg1+ 51. Kf3 Qd1+ 52. Kg2 Qc2+
53. Kg3 Qxc4 54. Qa8+ Kg7 55. Qb7+ Kf8 56. Qc8+ Ke7 57. Qc7+ Kf8 58. Qd6+ Kg7
59. Qd7+ Kg8 60. Qe8+ Kg7 61. Qd7+ Kg8 62. Qf5 Qb3+ 63. Nd3 c4 64. Qe6+ Kg7 65.
Qf7+ Kh6 66. Qh7+ Kg5 67. h4+ Kf5 68. g7+ 1-0

[Event "TCh-FRA Top 16 GpB 2023"]
[Site "Chartres FRA"]
[Date "2023.06.07"]
[Round "7.3"]
[Board "1"]
[White "Mariette, Lucas"]
[Black "Oparin, Grigoriy"]
[Result "1/2-1/2"]
[WhiteTitle "FM"]
[BlackTitle "GM"]
[WhiteElo "2284"]
[BlackElo "2687"]
[WhiteTeam "Poitiers-Migne Echecs"]
[BlackTeam "Asnieres Le Grand Echiquier"]
[WhiteFideId "26056526"]
[BlackFideId "24125890"]
[EventDate "2023.06.01"]

1. e4 c5 2. Nf3 Nc6 3. d4 cxd4 4. Nxd4 e5 5. Nb5 d6 6. N1c3 a6 7. Na3 Be6 8. Nc4
Rb8 9. g3 h5 10. h4 Nd4 11. Ne3 Nf6 12. Bg2 g6 13. Ne2 Nxe2 14. Qxe2 Bg7 15. O-O
O-O 16. a4 Qc7 17. Rd1 Rfd8 18. Bd2 Ng4 19. Bc3 Nxe3 20. Qxe3 Rd7 21. a5 Rbd8
22. Rd2 Kh7 23. Qb6 Qxb6 24. axb6 Rc8 25. f4 Rxc3 26. bxc3 exf4 27. gxf4 Bxc3
28. Rad1 Bxd2 29. Rxd2 Kg7 30. e5 d5 31. c4 dxc4 32. Rxd7 Bxd7 33. Bxb7 c3 34.
Be4 Bc6 35. Bc2 a5 36. Kf2 a4 37. Ke3 a3 38. Bb3 Be4 39. Kxe4 a2 40. Bxa2 c2 41.
b7 c1=Q 42. b8=Q Qc2+ 43. Kf3 Qxa2 44. Qd8 Qe6 45. Qg5 Qb6 46. Ke4 Kf8 47. Qf6
Qb4+ 48. Kd5 Qb5+ 49. Kd6 Qd3+ 50. Kc7 Qc4+ 51. Kd8 Kg8 52. Ke7 Qc7+ 53. Ke8
Qc8+ 54. Ke7 Qc7+ 1/2-1/2

[Event "TCh-FRA Top 16 GpB 2023"]
[Site "Chartres FRA"]
[Date "2023.06.07"]
[Round "7.3"]
[Board "2"]
[White "Alekseenko, Kirill"]
[Black "Lambert, Romain"]
[Result "1-0"]
[WhiteTitle "GM"]
[WhiteElo "2686"]
[BlackElo "2201"]
[WhiteTeam "Asnieres Le Grand Echiquier"]
[BlackTeam "Poitiers-Migne Echecs"]
[WhiteFideId "4135539"]
[BlackFideId "658111"]
[EventDate "2023.06.01"]

1. e4 c5 2. Nf3 g6 3. d4 cxd4 4. Nxd4 Nc6 5. c4 Nf6 6. Nc3 Nxd4 7. Qxd4 d6 8.
Be2 Bg7 9. Be3 O-O 10. Qd2 Be6 11. O-O Qa5 12. Rac1 Rfc8 13. b3 a6 14. f4 b5 15.
f5 Bd7 16. fxg6 hxg6 17. c5 Be6 18. Bf3 Ng4 19. Bxg4 Bxg4 20. Qf2 Be6 21. Nd5
Bxd5 22. exd5 Rf8 23. c6 b4 24. Rfd1 Rae8 25. Bd4 e6 26. Bxg7 Kxg7 27. c7 Rc8
28. dxe6 Rxc7 29. Qd4+ Kg8 30. Qxd6 Rxc1 31. Rxc1 Qg5 32. Re1 fxe6 33. Qxe6+ Kg7
34. Qxa6 Qc5+ 35. Kh1 Qf2 36. Rd1 Rf6 37. Qc4 Rd6 38. Qc7+ 1-0